| 000 | 00560nam a2200181 i 4500 | ||
|---|---|---|---|
| 001 | 125343 | ||
| 003 | ES-MaACL | ||
| 005 | 20250730025320.0 | ||
| 007 | t| | ||
| 008 | 070605s1905 sp ||||1| spa d | ||
| 100 | 1 |
_aVerdes Montenegro, José, _d1866-1942 _9114026 |
|
| 245 | 1 | 0 |
_aContribución al estudio de la tuberculosis / _cpor José Verdes Montenegro. |
| 260 |
_aMadrid : _b[s.n.], _c1905 ( _fE. Teodoro) |
||
| 300 |
_a115 p. ; _c26 cm. |
||
| 650 | 1 | 7 |
_aTuberculosis _2embne _917658 |
| 852 |
_aES-MaACL _jT-1047-F-8 |
||
| 999 |
_c125343 _d125343 |
||